Quizzes
Events
Quiz Creation
Community
Videos
Private Events
Remove Ads
Sign In
Join for FREE
Feedback
Dark Mode
Quiz Categories
Sports
Geography
Music
Movies
Television
Just For Fun
Miscellaneous
History
Literature
Language
Science
Gaming
Entertainment
Religion
Holiday
For Kids
Quiz Lab
Recent
Popular Today
Quiz Kudos Today
Editor Picks
Curator Picks
Quizzes by...
Day
Popularity
Type
Ratings
Length
Year
Community
Subscriptions
Recent Discussions
Orange Saloon
Badges
Playlists
Quests
Create
Leaderboards
Showdown
Live 5
Trivia Bingo
Activity
Puzzle Library
Sporcle Events
Private Events
Virtual Trivia
Globe League
Become a Host
Pub Owners
SporcleCon
Opinionation
Our Games
Videos
Blog
Mobile Apps
Partnerships
Remove Ads and Go Orange
Feedback
Sports
Athletes
MLB
NBA
NHL
NFL
Soccer
Sports Teams
WWE
NCAA
Football
Premier League
Basketball
Baseball
Hockey
Golf
Tennis
Cricket
Rugby
Auto Racing
Olympics
World Cup
Sports
Athletes
MLB
NBA
NHL
NFL
Soccer
Sports Teams
WWE
NCAA
Football
Premier League
Basketball
Baseball
Hockey
Golf
Tennis
Cricket
Rugby
Auto Racing
Olympics
World Cup
Random Quiz
Search Sporcle
×
Quiz Lab
Quiz Lab
Sports
World
Type in answers that appear in a list
Type in answers that appear in a list
Classic
Best Score? Go Orange.
World Series History Stats
Can you name the 105 World Series winners?
By
Weiss12
10m
105 Questions
68 Plays
68 Plays
68 Plays
Comments
Comments
Give Quiz Kudos
Give Quiz Kudos
-
- Ratings
hide this ad
Forced Order
Answers have to be entered in order
Answers have to be entered in order
Replay
Link that replays current quiz
Next Quiz
Link to next quiz in quiz playlist
You Got
0%
They Got
Avg Score
45%
Avg Friend Score
Upgrade to see
Score Distribution
Jump to the score distribution portion of the page
Score
0/105
Timer
10:00
0
Plays Today
Year
Team
% Correct
2009
New York Yankees
67.6%
2000
New York Yankees
64.7%
2001
Arizona Diamondbacks
63.2%
2002
Anaheim Angels
60.3%
2008
Philadelphia Phillies
60.3%
1977
New York Yankees
58.8%
1978
New York Yankees
57.4%
1908
Chicago Cubs
55.9%
1950
New York Yankees
55.9%
1951
New York Yankees
55.9%
1952
New York Yankees
55.9%
1953
New York Yankees
55.9%
1989
Oakland Athletics
55.9%
1990
Cincinnati Reds
55.9%
1998
New York Yankees
55.9%
1999
New York Yankees
55.9%
2006
St. Louis Cardinals
55.9%
1976
Cincinnati Reds
54.4%
1986
New York Mets
54.4%
1988
Los Angeles Dodgers
54.4%
1995
Atlanta Braves
54.4%
1997
Florida Marlins
54.4%
2003
Florida Marlins
54.4%
1905
New York Giants
52.9%
1939
New York Yankees
52.9%
1947
New York Yankees
52.9%
1949
New York Yankees
52.9%
1975
Cincinnati Reds
52.9%
1979
Pittsburgh Pirates
52.9%
1991
Minnesota Twins
52.9%
1996
New York Yankees
52.9%
1941
New York Yankees
51.5%
1958
New York Yankees
51.5%
1974
Oakland Athletics
51.5%
1980
Philadelphia Phillies
51.5%
Year
Team
% Correct
1981
Los Angeles Dodgers
51.5%
1985
Kansas City Royals
51.5%
1987
Minnesota Twins
51.5%
1907
Chicago Cubs
50%
1954
New York Giants
50%
1956
New York Yankees
50%
1961
New York Yankees
50%
1969
New York Mets
50%
1984
Detroit Tigers
50%
2004
Boston Red Sox
50%
1962
New York Yankees
48.5%
1982
St. Louis Cardinals
48.5%
1983
Baltimore Orioles
48.5%
2007
Boston Red Sox
48.5%
1943
New York Yankees
47.1%
1955
Brooklyn Dodgers
47.1%
1960
Pittsburgh Pirates
47.1%
1967
St. Louis Cardinals
47.1%
1972
Oakland Athletics
47.1%
1973
Oakland Athletics
47.1%
1927
New York Yankees
45.6%
1928
New York Yankees
45.6%
1963
Los Angeles Dodgers
45.6%
1965
Los Angeles Dodgers
45.6%
1968
Detroit Tigers
45.6%
1993
Toronto Blue Jays
45.6%
2005
Chicago White Sox
45.6%
1919
Cincinnati Reds
44.1%
1936
New York Yankees
44.1%
1948
Cleveland Indians
44.1%
1970
Baltimore Orioles
44.1%
1992
Toronto Blue Jays
44.1%
1918
Boston Red Sox
42.6%
1932
New York Yankees
42.6%
1938
New York Yankees
42.6%
Year
Team
% Correct
1944
St. Louis Cardinals
42.6%
1946
St. Louis Cardinals
42.6%
1910
Philadelphia Athletics
41.2%
1911
Philadelphia Athletics
41.2%
1923
New York Yankees
41.2%
1937
New York Yankees
41.2%
1942
St. Louis Cardinals
41.2%
1959
Los Angeles Dodgers
41.2%
1971
Pittsburgh Pirates
41.2%
1964
St. Louis Cardinals
39.7%
1945
Detroit Tigers
38.2%
1966
Baltimore Orioles
38.2%
1903
Boston Americans
36.8%
1940
Cincinnati Reds
36.8%
1957
Milwaukee Braves
36.8%
1929
Philadelphia Athletics
35.3%
1930
Philadelphia Athletics
35.3%
1914
Boston Braves
33.8%
1926
St. Louis Cardinals
33.8%
1912
Boston Red Sox
32.4%
1913
Philadelphia Athletics
32.4%
1915
Boston Red Sox
32.4%
1921
New York Giants
32.4%
1922
New York Giants
32.4%
1924
Washington Senators
32.4%
1909
Pittsburgh Pirates
30.9%
1916
Boston Red Sox
30.9%
1917
Chicago White Sox
30.9%
1934
St. Louis Cardinals
29.4%
1931
St. Louis Cardinals
27.9%
1933
New York Giants
26.5%
1935
Detroit Tigers
26.5%
1906
Chicago White Sox
25%
1925
Pittsburgh Pirates
25%
1920
Cleveland Indians
22.1%
Quiz Playlist
Details
Report
Send in Message
Add To Playlist
Classic:
Type in answers that appear in a list
Forced Order:
Answers have to be entered in order
Last Updated: Feb 16, 2017
Quiz Scoreboard
CHALLENGE
Sign Up to Join the Scoreboard
Show All
Scores
Hide
Comments
May contain spoilers
Recently Published
Billboard Blitz: Fleetwood Mac
by CooCooCachoo
Music
15s
Presidents Visiting Landmarks
by Hejman
History
7m
An Introduction to Baseball
by treessimontrees
Sports
5m
More to Explore
Quiz From the Vault
Featured Blog Post
Where Did the Easter Bunny Come From?
hide this ad
You Might Also Like...
Tags
World Quiz
105
League
team
Winner
Today's Top Quizzes in Sports
Browse Sports
hide this ad
Today's Top Quizzes in World
Browse World
Top Contributed Quizzes in Sports
1
Les meilleurs buteurs des matchs entre le PSG et l’OM
2
2022 World Cup Stars
3
FIFA Club World Cup Champions
4
Les entraîneurs de l'OM et du PSG au 21e siècle
5
Criteria MLB: Left Handed Sluggers
6
AFC Teams Reveal (Wrong Answers Minefield)
7
5-to-1: UK Sports Teams
8
Name the Premier League winners with different clubs
9
5-to-1: FBS Animal Nicknames
10
Players with Multiple 50 Home Run Seasons
Explore More
Trending Topics
Marvel
Crossword
NBA
Anime
Kpop
Disney
Harry Potter
Country
Pokémon
The Office
Puzzle
Song
Soccer
WWE
NFL
hide this ad
More By:
Weiss12
Quiz
Plays
Rating
Category
Featured
Created
World Series History
68
1.00
Sports
Dec 26, 2009
Go to Creator's Profile
Score Distribution
Quiz Creator Spotlight
Weiss12
Follow
Send a Message
Quizzes Created
-
Created Quiz Play Count
-
More By This Creator
Popular Quizzes Today
1
Find the US States - No Outlines Minefield
2
Find the Countries of Europe - No Outlines Minefield
3
The Countries of the World
4
Find the US States
5
Risky Map Clicking: Biggest States A-Z
6
US States
7
Popular People in 1961
8
Movies - When Are They Set?
More Sports Quizzes
Five Letter Soccer A-Z
Curator's Pick
Trending Quizzes
Risky Map Clicking: Least Populous States A-Z
1-10 Letter G Words
1-10 Letter F Words
Risky Map Clicking: Next State Alphabetically
Click the Washington State Counties! (Map)
Recently Updated
Leaping Animals
pecheneg
Reality TV Shows (A-Z)
bhenderson79
Rickey Henderson's Hall of Fame Teammates
pecheneg
Champions League XIs: Arsenal
pecheneg
Quick Pick: Celebrities in WWE's Hall of Fame
aduchscher
A-Z Keypad Blitz II
pecheneg
Multiple Oscar Actors
pecheneg
Mystery Phrase Blitz: Oscar 'Best Actors'
pecheneg
F. Scott Fitzgerald Novels
LTH
Pick 3 Villains
ddd62291
Trending Topics
NBA
Crossword
Marvel
Disney
Anime
Harry Potter
Kpop
Soccer
The Office
WWE
Puzzle
Pokémon
Song
Country
NFL
Your Account Isn't Verified!
In order to create a playlist on Sporcle, you need to verify the email address you used during registration. Go to your
Sporcle Settings
to finish the process.
Report this User
Report this user for behavior that violates our
Community Guidelines
.
Details:
Send Report
Go to the Sporcle.com Mobile Site →
Comments